| 000 | 00799nam a2200277Ia 4500 | ||
|---|---|---|---|
| 001 | Z_5917 | ||
| 003 | CHAP | ||
| 008 | 220113s9999 xx 000 0 und d | ||
| 010 | _a169125 | ||
| 040 | _cCHAP | ||
| 090 | _aTesis O 2171 | ||
| 100 |
_aOlaya Fernández,Ernesto _982969 |
||
| 245 |
_aRevisión bibliográfica sobre los glucosinolatos de colza (Brassica napus L.) / _cpor Ernesto Olaya Fernández |
||
| 260 |
_aChapingo,Méx. : _bEl autor.2010, _c |
||
| 300 | _a50 h. | ||
| 502 | _aTesis (Ing.Agro.Esp.en Zootecnia).--UACH.Departamento de Zootecnia | ||
| 650 |
_aColza (Brassica napus) _9143463 |
||
| 650 |
_aGlucosinolatos _9143464 |
||
| 650 |
_aOleaginosas _9143465 |
||
| 901 | _aTESIS O 2171 | ||
| 902 | _aM | ||
| 910 | _a | ||
| 942 | _c2 | ||
| 942 | _c2 | ||
| 999 |
_c169125 _d169125 |
||